LIBRARY & INFORMATION CENTRE, KCAET, TAVANUR

ONLINE PUBLIC ACCESS CATALOGUE (OPAC)

Price theory / (Record no. 12202)

MARC details
000 -LEADER
fixed length control field 00358cam a2200145ua 4500
041 ## - LANGUAGE CODE
Language code of text/sound track or separate title eng
082 ## - DEWEY DECIMAL CLASSIFICATION NUMBER
Classification number 338.521
Item number RYA/PR
100 ## - MAIN ENTRY--AUTHOR NAME
Personal name Ryan, W.J.L .
245 ## - TITLE STATEMENT
Title Price theory /
260 ## - PUBLICATION, DISTRIBUTION, ETC. (IMPRINT)
Place of publication London :
Name of publisher MacMillan and Company Limited ,
Year of publication 1965.
300 ## - PHYSICAL DESCRIPTION
Number of Pages 396 ; .
942 ## - ADDED ENTRY ELEMENTS (KOHA)
Koha item type Books
Holdings
Withdrawn status Lost status Damaged status Home library Current library Date acquired Full call number Accession Number Koha item type
      KAUAET KAUAET 07/04/2012 338.521 10488 Books
free website counter